Postavenie a význam kontroly v procese vytvárania a fungovania ekonomického prostredia podniku kandidátska dizertačná práca

Uložené v:
Podrobná bibliografia
Hlavný autor: Mikloš, Ján
Korporativný autor: Vysoká škola ekonomická v Bratislave. Fakulta riadenia
Ďalší autori: Nagy, Július
Médium: Kniha
Jazyk:Slovak
Vydavateľské údaje: Bratislava 1989
Tagy: Pridať tag
Žiadne tagy, Buďte prvý, kto otaguje tento záznam!

MARC

LEADER 00000nam a2200000 4500
001 c033782
005 20221215071149.7
041 0 |a slo 
044 |a SK 
245 1 0 |a Postavenie a význam kontroly v procese vytvárania a fungovania ekonomického prostredia podniku  |b kandidátska dizertačná práca  |c Ján Mikloš ; Ved. práce Július Nagy 
264 1 |a Bratislava  |c 1989 
300 |a 161 s. 
100 1 |a Mikloš, Ján 
700 1 |a Nagy, Július 
710 2 |a Vysoká škola ekonomická v Bratislave. Fakulta riadenia